000 00669nam a22002057a 4500
999 _c4865
_d4865
003 AR-CdUCM
008 190311b ||||| |||| 00| 0 spa d
040 _aMUNICIPALIDAD PROVINCIAL DEL CUSCO
_cBIBLIOTECA MUNICIPAL DEL CUSCO
082 _22ed.
_a868. 6 /
_bG92
100 _aGuillén, Rafael
_914597
245 _aPronuncio amor /
260 _aEspaña :
_b[Imprenta Guevara],
_c1961.
300 _a57 páginas ;
_c17.5 cm.
500 _aDonación de la familia Nieto. Dedicatoria del autor.
650 _aPoesía española
_9158
650 _aPoetas españoles
_92813
650 _aPoesía - España - Siglo XX
_914970
942 _2ddc
_cLIBROS
945 _alccs